| 000 | 00842nam a22002897a 4500 | ||
|---|---|---|---|
| 001 | 6665 | ||
| 003 | FISKH | ||
| 005 | 20250815162801.0 | ||
| 008 | 250519b cb ||||| |||| 00| 0 eng d | ||
| 020 | _a9780516235882 | ||
| 040 |
_aFISKH _beng _cFISKH _dFISKH |
||
| 050 | _aHV1624.K4 W35 | ||
| 082 | _a362.4 | ||
| 100 | _aWalker, Pamela | ||
| 245 |
_aHelen Keller / _cBy Pamela Walker |
||
| 250 | _aThis edition first published in 2001 | ||
| 260 |
_aCanada : _bChildren's Press, _c2001 |
||
| 300 |
_a24 pages : _bcolor illustrations ; _c16 x 18 cm |
||
| 505 | _aL | ||
| 520 | _aExplores the life and education of the deaf blind social activist. | ||
| 521 | 8 |
_a520
_bLexile |
|
| 521 | 8 |
_aL
_bRaz-Plus |
|
| 650 |
_2Biographies _aHelen Keller |
||
| 650 |
_2Social studies _aEasy reader |
||
| 942 |
_2ddc _cBK _n0 |
||
| 999 |
_c6665 _d6665 |
||